Vista normal Vista MARC

Entrada Personal Name

Número de registros utilizados en: 2

001 - CONTROL NUMBER

  • control field: 63696

003 - CONTROL NUMBER IDENTIFIER

  • control field: OSt

005 - DATE AND TIME OF LATEST TRANSACTION

  • control field: 20250827152109.0

008 - FIXED-LENGTH DATA ELEMENTS

  • fixed length control field: 250827|| aca||aabn | a|a d

040 ## - CATALOGING SOURCE

  • Original cataloging agency: OSt
  • Transcribing agency: OSt

100 ## - HEADING--PERSONAL NAME

  • Personal name: Aguilar, Elsa

670 ## - SOURCE DATA FOUND

  • Source citation: Work cat.: (OSt)58627: Muñoz Martín, Juan, 1929- aut 63695, El pirata Garrapata /









Instituto Departamental de Cultura del Meta - Red Departamental de Bibliotecas Públicas del Meta.